[Event "Sachsen-ch U12"]
[Site "Sebnitz"]
[Date "2012.04.14"]
[Round "7"]
[White "Poeschl, Ole"]
[Black "Simon, Tim"]
[Result "0-1"]
[WhiteElo "1333"]
[BlackElo "1316"]
[PlyCount "88"]
[EventDate "2012.04.10"]
[EventType "swiss"]
[EventRounds "7"]
[EventCountry "GER"]
[SourceTitle "CBM 148 Extra"]
[Source "ChessBase"]
[SourceDate "2012.06.22"]
[SourceVersion "1"]
[SourceVersionDate "2012.06.22"]
[SourceQuality "1"]

1. e4 e6 2. d4 d5 3. exd5 exd5 4. Nf3 Nc6 5. Bf4 Nf6 6. Nc3 Bd6 7. Bxd6 Qxd6 8. Bd3 Qe7+ 9. Be2 0-0 10. 0-0 Re8 11. Re1 Qd6 12. h3 Bf5 13. Bd3 Rxe1+ 14. Nxe1 Bxd3 15. Nxd3 Nxd4 16. Qd2 Ne6 17. Re1 d4 18. Ne2 c5 19. Ng3 Re8 20. Qa5 a6 21. Re5 c4 22. Rxe6 Rxe6 23. Ne1 c3 24. bxc3 Rxe1+ 25. Kh2 Qd5 26. Qxd5 Nxd5 27. cxd4 Rd1 28. Ne2 Rd2 29. Nc1 Rxc2 30. Nb3 Rxa2 31. f3 b5 32. Kg1 b4 33. Kf1 Rb2 34. Nc5 a5 35. Ke1 Ra2 36. Kd1 a4 37. Kc1 b3 38. g3 b2+ 39. Kb1 Nc3+ 40. Kc2 b1Q+ 41. Kxc3 Qc2+ 42. Kb4 Rb2+ 43. Ka5 Qc4 44. Nd7 Qb5# 0-1